000 00862nam a2200253Ia 4500
003 OSt
005 20221005110829.0
006 a|||||r|||| 00| 0
007 ta
008 221004b |||||||| |||| 00| 0 hin d
020 _a8126702060 (hbk)
_c250
024 _a97371
037 _b581, 23/03/2009, Vani Prakashan
_cTextual
040 _aCRL
_cCRL
_bhin
041 _2hin
_ahin
082 _aO152,3N521,BA, N9;P4
100 _aचतुर्वेदी, ज्ञान
245 0 _aबारामासी
246 _aBārāmāsī
260 _aनई दिल्ली
_bराजकमल प्रकाशन भारत
_c2004
300 _a247पृ0
_ccm.
942 _hO152,3N521,BA, N9;P4
_cTEXL
_2cc
999 _c1020001
_d1020001